000 00459nam a2200169Ia 4500
008 230917s9999||||xx |||||||||||||| ||und||
020 _cRS 995.00
040 _e5001597
_aMAIN
041 _aEnglish
082 _a355.00954 N164B
100 _aNarayan, Laxmi
245 0 _aBhartiya sena ka gauravshali itihas
260 _aNew Delhi
_bSumit Enterprises
_c2021
300 _a149 p.
500 _a4774 14/12/2022 RK22/2503 28/12/2022 Main Budget
942 _cBK
999 _c7039
_d7039